[Event "C.to Provinciale BI-VC"]
[Site "Biella ITA"]
[Date "2015.03.06"]
[Round "1"]
[White "Bozio, Stefano"]
[Black "Bardone, Lorenzo"]
[WhiteElo "1573"]
[BlackElo "2170"]
[Result "0-1"]
[PlyCount "52"]
[EventDate "2015.03.06"]

1. e4 c5 2. Nc3 Nc6 3. g3 g6 4. Bg2 Bg7 5. f4 d6 6. d3 e6 7. Nf3 Nge7 8. O-O
O-O 9. Re1 Rb8 10. a4 a6 11. Rb1 b5 12. axb5 axb5 13. Ne2 d5 14. c3 b4 15. cxb4
Rxb4 16. e5 Qb6 17. Qc2 Ba6 18. Bd2 Rb3 19. Nc1 c4+ 20. Be3 d4 21. Bf2 Rb4 22.
Nd2 Na5 23. Bf1 Rc8 24. Na2 cxd3 25. Qd1 Rxb2 26. Rxb2 Qxb2 0-1

[Event "C.to Provinciale BI-VC"]
[Site "Biella ITA"]
[Date "2015.03.06"]
[Round "1"]
[White "Cognata, Domenico"]
[Black "Rocchi, Enrico"]
[WhiteElo "1470"]
[BlackElo "1881"]
[Result "0-1"]
[PlyCount "150"]
[EventDate "2015.03.06"]

1. d4 Nf6 2. Nc3 d5 3. Bf4 e6 4. a3 c5 5. dxc5 Bxc5 6. e3 Nc6 7. Nf3 a6 8. Ne5
O-O 9. h3 Qe7 10. Bd3 Rd8 11. Qf3 Bd7 12. Qg3 Nh5 13. Nxc6 Bxc6 14. Qg5 Nxf4
15. Qxf4 e5 16. Qg3 e4 17. Bf1 d4 18. exd4 Bxd4 19. O-O-O Rd6 20. Bc4 Rg6 21.
Qf4 Rf6 22. Qd2 Bxf2 23. Qe2 Re8 24. Bd5 e3 25. Ne4 Rf4 26. Bxc6 bxc6 27. Nxf2
Rxf2 28. Qxa6 Qe4 29. Qd3 Qxd3 30. cxd3 Rxg2 31. Rde1 Rf2 32. Rhg1 f5 33. Rgf1
Rxf1 34. Rxf1 e2 35. Re1 f4 36. Kd2 f3 37. a4 Rf8 38. Rc1 Rf4 39. Ke3 g5 40. a5
Kf8 41. a6 Rf7 42. Kf2 Re7 43. Ra1 Ra7 44. Kxf3 Rxa6 45. Re1 Rb6 46. Rxe2 Kf7
47. Ke4 Ke6 48. Kd4+ Kd6 49. Kc4 c5 50. b3 Rb4+ 51. Kc3 Rh4 52. Rg2 h6 53. Rg3
Ke5 54. Re3+ Kf5 55. Re8 Rxh3 56. Rc8 g4 57. Rxc5+ Kf4 58. Kd4 Rh1 59. Rc8 h5
60. b4 g3 61. Rf8+ Kg4 62. Rg8+ Kh3 63. b5 Rb1 64. Kc5 g2 65. b6 g1=Q+ 66. Rxg1
Rxg1 67. d4 Kg4 68. b7 Rb1 69. Kc6 h4 70. d5 h3 71. Kc7 h2 72. b8=Q Rxb8 73.
Kxb8 h1=Q 74. d6 Qc6 75. d7 Qxd7 0-1

[Event "C.to Provinciale BI-VC"]
[Site "Biella ITA"]
[Date "2015.03.06"]
[Round "1"]
[White "Gnata, Ilaria"]
[Black "Tibaldeschi, Attilio"]
[WhiteElo "1268"]
[BlackElo "1633"]
[Result "0-1"]
[PlyCount "90"]
[EventDate "2015.03.06"]

1. e4 e5 2. Nf3 Nc6 3. Nc3 Nf6 4. d4 exd4 5. Nxd4 d6 6. f3 Be7 7. Be3 O-O 8.
Qd2 a6 9. O-O-O Nxd4 10. Bxd4 c5 11. Be3 b5 12. a3 Be6 13. Nd5 Nxd5 14. exd5
Bd7 15. b3 Re8 16. Bd3 Bf6 17. g4 Qc7 18. c4 Rab8 19. g5 Bd8 20. h4 Qa5 21.
Qxa5 Bxa5 22. Bd2 Bxd2+ 23. Rxd2 Re3 24. Rf1 Rbe8 25. Kc2 bxc4 26. Bxc4 a5 27.
Kb2 a4 28. b4 cxb4 29. axb4 Rb8 30. Kc2 Rxb4 31. Rd4 a3 32. Kd2 Re8 33. Kc3 Rb2
34. Ra1 Rf2 35. Rd3 Ra8 36. Kb4 Ra4+ 37. Kc3 Kf8 38. Kb3 Rb2+ 39. Kc3 Rb8 40.
Rd4 Rc8 41. Kb3 Bb5 42. Bxb5 Rxd4 43. h5 Rxd5 44. Bd7 Rd3+ 45. Ka2 Rc2+ 0-1

[Event "C.to Provinciale BI-VC"]
[Site "Biella ITA"]
[Date "2015.03.06"]
[Round "1"]
[White "Lavino, Stefano"]
[Black "Sidoti, Gaetano"]
[WhiteElo "1633"]
[BlackElo "1335"]
[Result "1-0"]
[PlyCount "85"]
[EventDate "2015.03.06"]

1. d4 d5 2. Nf3 Bd7 3. g3 e6 4. Bg2 Nc6 5. O-O Bd6 6. c4 Nf6 7. Nc3 Ne4 8. Nxe4
dxe4 9. Nd2 Nxd4 10. Nxe4 e5 11. Nxd6+ cxd6 12. Bxb7 Bh3 13. Bg2 Qc8 14. b3 Qg4
15. f3 Nxe2+ 16. Qxe2 Qc8 17. Bb2 Qc5+ 18. Kh1 Bxg2+ 19. Kxg2 h5 20. h4 f6 21.
Qe4 Ke7 22. Rfd1 Qb4 23. c5 Qxc5 24. Qb7+ Ke6 25. Rac1 Qe3 26. Qd5+ Kf5 27.
Qe4+ Qxe4 28. fxe4+ Kxe4 29. Rxd6 Rhg8 30. Kf2 Kf5 31. Rcc6 Rac8 32. Bc1 Rxc6
33. Rxc6 Kg6 34. Be3 Ra8 35. b4 a6 36. a4 Kf7 37. Kf3 f5 38. Bc5 g6 39. Rc7+
Kg8 40. Ra7 Rd8 41. Ke3 e4 42. Bd4 Rd6 43. Rg7+ 1-0

[Event "C.to Provinciale BI-VC"]
[Site "Biella ITA"]
[Date "2015.03.06"]
[Round "1"]
[White "Loggia, Davide"]
[Black "Borghi, Dario"]
[WhiteElo "1446"]
[BlackElo "1819"]
[Result "1/2-1/2"]
[PlyCount "77"]
[EventDate "2015.03.06"]

1. c4 e5 2. g3 Nf6 3. Bg2 h6 4. Nc3 Bb4 5. Nd5 Bc5 6. Nxf6+ Qxf6 7. e3 d6 8. a3
c6 9. b4 Bb6 10. Bb2 Be6 11. Rc1 Nd7 12. Ne2 Bg4 13. O-O Bf3 14. Bxf3 Qxf3 15.
Nc3 Qf5 16. Re1 Nf6 17. Kg2 e4 18. f3 d5 19. cxd5 cxd5 20. fxe4 dxe4 21. Rf1
Qe6 22. Qa4+ Nd7 23. Rf4 f5 24. Nb5 O-O 25. Nc7 Bxc7 26. Rxc7 Rfd8 27. Bd4 Nb6
28. Rxg7+ Kf8 29. Qb5 Rxd4 30. Rxf5+ Kxg7 31. exd4 Rd8 32. Re5 Qg4 33. Re7+ Kg6
34. Qe5 Qf3+ 35. Kg1 Qd1+ 36. Kg2 Qe2+ 37. Kg1 Qe1+ 38. Kg2 Qe2+ 39. Kg1
1/2-1/2

[Event "C.to Provinciale BI-VC"]
[Site "Biella ITA"]
[Date "2015.03.06"]
[Round "1"]
[White "Migliorini, Matteo"]
[Black "Della Peruta, Lorenzo"]
[WhiteElo "2108"]
[BlackElo "1523"]
[Result "1-0"]
[PlyCount "75"]
[EventDate "2015.03.06"]

1. e4 e5 2. Nf3 Nc6 3. Bb5 Bc5 4. c3 Nf6 5. O-O d6 6. d4 exd4 7. cxd4 Bb6 8. d5
a6 9. Ba4 Bd7 10. dxc6 bxc6 11. Nc3 O-O 12. Bg5 Re8 13. e5 dxe5 14. Ne4 Re6 15.
Bb3 Re8 16. Bxf6 gxf6 17. Qxd7 Qxd7 18. Nxf6+ Kh8 19. Nxd7 Re7 20. Nxb6 cxb6
21. Rad1 Kg7 22. Rd6 Rc8 23. Nh4 Rce8 24. Nf5+ Kf8 25. Rfd1 Rc7 26. Rd7 Rxd7
27. Rxd7 c5 28. Rxf7+ Kg8 29. Re7+ Kf8 30. Rxe8+ Kxe8 31. a4 Kd7 32. f3 b5 33.
axb5 axb5 34. Kf2 c4 35. Bc2 Ke6 36. Ke3 Kd5 37. g4 b4 38. g5 1-0

[Event "C.to Provinciale BI-VC"]
[Site "Biella ITA"]
[Date "2015.03.06"]
[Round "1"]
[White "Moratto, Davide"]
[Black "Isoardi, Dario"]
[WhiteElo "1728"]
[BlackElo "1362"]
[Result "1-0"]
[PlyCount "49"]
[EventDate "2015.03.06"]

1. d4 d5 2. Nf3 Nf6 3. c4 e6 4. Nc3 Nc6 5. Bf4 Bb4 6. a3 Bxc3+ 7. bxc3 dxc4 8.
Qc2 b6 9. e4 Bb7 10. Bxc4 O-O 11. O-O Nh5 12. Be3 Na5 13. Bd3 h6 14. Rfd1 Qd7
15. Ne5 Qe8 16. Qe2 Nb3 17. Rab1 Qa4 18. Bc2 Ba6 19. Qxh5 Qxa3 20. Bxb3 Rad8
21. Ng4 c5 22. Bxh6 g6 23. Nf6+ Kh8 24. Qh3 Rfe8 25. Bf8# 1-0

[Event "C.to Provinciale BI-VC"]
[Site "Biella ITA"]
[Date "2015.03.06"]
[Round "1"]
[White "Pedoni, Lorenzo"]
[Black "Sunder, Matteo"]
[WhiteElo "1839"]
[BlackElo "1455"]
[Result "1/2-1/2"]
[PlyCount "191"]
[EventDate "2015.03.06"]

1. c4 Nf6 2. d4 e6 3. g3 Be7 4. Bg2 c6 5. Nf3 d5 6. b3 Nbd7 7. Bb2 dxc4 8. bxc4
Nb6 9. Nbd2 O-O 10. O-O Bd7 11. Ne5 Ne8 12. c5 Nd5 13. Qb3 Rb8 14. e4 Ndc7 15.
Ndc4 f6 16. Nxd7 Qxd7 17. Rad1 Kh8 18. Qc2 Na6 19. Rfe1 Nec7 20. Bc1 Nb5 21.
Qb2 Rfd8 22. Be3 e5 23. d5 Bxc5 24. Bxc5 Nxc5 25. dxc6 Qxd1 26. Rxd1 Rxd1+ 27.
Bf1 bxc6 28. Qc2 Rdd8 29. Na5 Ne6 30. Nxc6 Ned4 31. Nxd4 Nxd4 32. Qc5 h6 33.
Qxa7 Ra8 34. Qf7 Nf3+ 35. Kg2 Ng5 36. Qc4 Rd4 37. Qc6 Rad8 38. a4 R4d6 39. Qb7
R8d7 40. Qc8+ Rd8 41. Qf5 Rd4 42. Bb5 Nxe4 43. Bc6 Nd6 44. Qg6 Rc4 45. Bd5 Rxa4
46. Qc2 Rd4 47. Qc7 Nf7 48. Bxf7 R4d7 49. Qc4 Rd4 50. Qc2 e4 51. Be6 e3 52. Qg6
e2 53. Bf5 Kg8 54. Be6+ Kh8 55. Bf5 Kg8 56. Qh7+ Kf7 57. Bg6+ Ke6 58. Qxg7 e1=Q
59. Qf7+ Kd6 60. Qxf6+ Qe6 61. Qxd4+ Kc7 62. Qc5+ Qc6+ 63. Qxc6+ Kxc6 64. h4
Rg8 65. h5 Kd6 66. f4 Ke7 67. Kf3 Kf6 68. Ke4 Rg7 69. g4 Re7+ 70. Kf3 Rc7 71.
Kg3 Rc5 72. Kh4 Ra5 73. Kg3 Ra3+ 74. Kh4 Ra5 75. Bc2 Rc5 76. Bd3 Ra5 77. Bc2
Rc5 78. Bg6 Ra5 79. Bc2 Rc5 80. Bd3 Ra5 81. Be2 Rc5 82. Bf3 Ra5 83. Kg3 Rc5 84.
Be2 Ra5 85. Kf3 Rc5 86. Ke3 Ra5 87. Bd3 Rd5 88. Bc4 Ra5 89. Kd4 Ra3 90. f5 Rf3
91. Be2 Ra3 92. Kc5 Re3 93. Bd1 Rd3 94. Be2 Re3 95. Bb5 Re4 96. Bd7 1/2-1/2

[Event "C.to Provinciale BI-VC"]
[Site "Biella ITA"]
[Date "2015.03.06"]
[Round "1"]
[White "Prato, Stefano"]
[Black "Ricciardi, Arcangelo"]
[WhiteElo "1419"]
[BlackElo "1745"]
[Result "0-1"]
[PlyCount "80"]
[EventDate "2015.03.06"]

1. d4 d5 2. c3 Nf6 3. Nf3 Bf5 4. Bf4 Nbd7 5. Nbd2 h6 6. e3 e6 7. Bb5 c6 8. Ba4
Nh5 9. O-O g5 10. Be5 f6 11. Qe2 fxe5 12. Nxe5 Nxe5 13. dxe5 g4 14. b4 b5 15.
Bb3 Rg8 16. a4 a6 17. Rac1 Qc7 18. f4 Qh7 19. g3 Bd3 20. Qg2 Bxf1 21. Nxf1 c5
22. Bc2 Qd7 23. Nd2 cxb4 24. c4 bxc4 25. e4 b3 26. Bd1 Bc5+ 27. Kh1 Be3 28.
Bxg4 Rxg4 29. Qe2 Bxd2 30. Qxg4 Bxc1 31. Qxh5+ Kd8 32. Qxh6 Kc7 33. g4 b2 34.
Kg2 b1=Q 35. Kh3 Qxe4 36. Qg5 Bxf4 37. Qh5 Qf3+ 38. Kh4 Qg2 39. Qg6 Rh8+ 40.
Qh5 Qxh2# 0-1

[Event "C.to Provinciale BI-VC"]
[Site "Biella ITA"]
[Date "2015.03.06"]
[Round "1"]
[White "Roma, Riccardo"]
[Black "Rossi, Emanuele"]
[WhiteElo "1338"]
[BlackElo "1634"]
[Result "0-1"]
[PlyCount "28"]
[EventDate "2015.03.06"]

1. d4 d5 2. c4 e6 3. Nc3 Nf6 4. Nf3 Nbd7 5. e3 c5 6. Bd3 Bd6 7. O-O O-O 8. Qb3
e5 9. dxe5 Nxe5 10. Nxe5 Bxe5 11. cxd5 Bxh2+ 12. Kxh2 Ng4+ 13. Kg1 Qh4 14. Re1
Qxf2+ 0-1

[Event "C.to Provinciale BI-VC"]
[Site "Biella ITA"]
[Date "2015.03.06"]
[Round "1"]
[White "Siclari, Giovanni"]
[Black "Sunder, Giulio"]
[WhiteElo "2075"]
[BlackElo "1473"]
[Result "1-0"]
[PlyCount "51"]
[EventDate "2015.03.06"]

1. Nf3 d5 2. d4 Nf6 3. c4 c6 4. Nc3 e6 5. Bg5 Nbd7 6. e3 Bd6 7. Qc2 Qc7 8. Bd3
b6 9. cxd5 exd5 10. O-O O-O 11. Rac1 a6 12. e4 dxe4 13. Nxe4 Nxe4 14. Bxe4 h6
15. Qxc6 Qxc6 16. Bxc6 Rb8 17. Bh4 b5 18. Rfe1 Nb6 19. Be7 Bxe7 20. Rxe7 Nc4
21. b3 Nd6 22. Bd5 Bb7 23. Bxb7 Rxb7 24. Rxb7 Nxb7 25. Rc6 a5 26. Rb6 1-0

[Event "C.to Provinciale BI-VC"]
[Site "Biella ITA"]
[Date "2015.03.06"]
[Round "1"]
[White "Stefanini, Niccolo'"]
[Black "Ubezio, Marco"]
[WhiteElo "1518"]
[BlackElo "2085"]
[Result "0-1"]
[PlyCount "23"]
[EventDate "2015.03.06"]

1. e4 e5 2. Nf3 Nc6 3. d4 exd4 4. Nxd4 Nf6 5. Nc3 Bc5 6. Nxc6 bxc6 7. Bc4 d6 8.
O-O Ng4 9. Qe2 Qh4 10. h3 h5 11. Na4 Qg3 12. Bf4 0-1

[Event "C.to Provinciale BI-VC"]
[Site "Biella ITA"]
[Date "2015.03.07"]
[Round "2"]
[White "Bardone, Lorenzo"]
[Black "Isoardi, Luigi"]
[WhiteElo "2170"]
[BlackElo "1771"]
[Result "1-0"]
[PlyCount "91"]
[EventDate "2015.03.06"]

1. e4 c5 2. Nf3 e6 3. d4 cxd4 4. Nxd4 Nc6 5. Nb5 d6 6. c4 Nf6 7. N1c3 a6 8. Na3
Be7 9. Be2 O-O 10. O-O b6 11. Be3 Bb7 12. Rc1 Rc8 13. f3 Re8 14. Qd2 Ne5 15.
Rfd1 Ng6 16. Bf1 h6 17. Qf2 Nd7 18. Nab1 Qc7 19. b4 Nge5 20. Na4 Bd8 21. Nd2 a5
22. bxa5 bxa5 23. Nb3 Bc6 24. Nc3 a4 25. Nd4 Be7 26. Ndb5 Bxb5 27. Nxb5 Qb8 28.
Rb1 Qa8 29. Nxd6 Bxd6 30. Rxd6 Rc6 31. Rbd1 Qc8 32. c5 Rxd6 33. Rxd6 Nb8 34.
Bb5 Re7 35. Qd2 Qb7 36. Rb6 Qc7 37. Qd6 Nec6 38. Bxc6 Nxc6 39. Rxc6 Qb7 40. Rb6
Qa7 41. Qb8+ Kh7 42. Qxa7 Rxa7 43. c6 Rc7 44. Bf4 Rc8 45. c7 g5 46. Rb8 1-0

[Event "C.to Provinciale BI-VC"]
[Site "Biella ITA"]
[Date "2015.03.07"]
[Round "2"]
[White "Borghi, Dario"]
[Black "Palma, Maria"]
[WhiteElo "1819"]
[BlackElo "1791"]
[Result "0-1"]
[PlyCount "101"]
[EventDate "2015.03.06"]

1. c4 Nf6 2. Nf3 c5 3. Nc3 Nc6 4. g3 g6 5. d4 cxd4 6. Nxd4 d6 7. Bg2 Bd7 8. Bg5
Bg7 9. e3 h6 10. Bxf6 Bxf6 11. O-O O-O 12. a3 Nxd4 13. exd4 Qb6 14. Nd5 Qxd4
15. Nxe7+ Kh7 16. Qxd4 Bxd4 17. Rab1 Rae8 18. Rfe1 Be6 19. Nd5 Bf5 20. Rxe8
Rxe8 21. Rd1 Bxb2 22. Ne3 Be6 23. Bxb7 Bxa3 24. Ra1 Bc5 25. Bc6 Rb8 26. Bb5 Kg7
27. Rd1 Rb7 28. Nd5 Bd7 29. Bxd7 Rxd7 30. Nc3 Re7 31. Kg2 a5 32. Kf3 f5 33. Rb1
g5 34. Rb5 Rf7 35. Na4 Bb4 36. Nb2 Kf6 37. Nd3 Bc3 38. Nc1 Rc7 39. Rb6 Ke6 40.
c5 Rxc5 41. Nb3 Rc4 42. Ra6 a4 43. Nc1 Bd4 44. Ne2 Bc5 45. Ra8 a3 46. h4 Rc2
47. hxg5 hxg5 48. g4 Kf7 49. gxf5 g4+ 50. Kxg4 Rxe2 51. Rf8+ 0-1

[Event "C.to Provinciale BI-VC"]
[Site "Biella ITA"]
[Date "2015.03.07"]
[Round "2"]
[White "Della Peruta, Lorenzo"]
[Black "Prato, Stefano"]
[WhiteElo "1523"]
[BlackElo "1419"]
[Result "1-0"]
[PlyCount "55"]
[EventDate "2015.03.06"]

1. e4 e5 2. Nf3 Nc6 3. Bc4 Nf6 4. d3 Bc5 5. Nc3 O-O 6. Bg5 Be7 7. Be3 Ng4 8.
Qd2 Bb4 9. O-O Qf6 10. a3 Nxe3 11. Qxe3 Na5 12. axb4 Nxc4 13. dxc4 d6 14. Nd5
Qd8 15. Rfd1 Bg4 16. h3 Be6 17. Rxa7 Rb8 18. c5 b6 19. Nc3 Qe7 20. cxd6 Qe8 21.
dxc7 Rc8 22. Qxb6 Ra8 23. Rxa8 Qxa8 24. Rd8 Qa1+ 25. Kh2 Qxb2 26. Rxf8+ Kxf8
27. Qb8+ Ke7 28. Qd8# 1-0

[Event "C.to Provinciale BI-VC"]
[Site "Biella ITA"]
[Date "2015.03.07"]
[Round "2"]
[White "Isoardi, Dario"]
[Black "Stefanini, Niccolo'"]
[WhiteElo "1362"]
[BlackElo "1518"]
[Result "0-1"]
[PlyCount "88"]
[EventDate "2015.03.06"]

1. d4 d6 2. Nf3 Nf6 3. c3 g6 4. Nbd2 Bg7 5. e4 O-O 6. Bd3 c6 7. O-O Nbd7 8. Re1
e5 9. dxe5 Nxe5 10. Bc2 Re8 11. b3 d5 12. exd5 Nxf3+ 13. gxf3 Nxd5 14. Rxe8+
Qxe8 15. c4 Bxa1 16. cxd5 cxd5 17. Ba3 Bc3 18. Nb1 Qe1+ 19. Qxe1 Bxe1 20. Kf1
Ba5 21. b4 Bh3+ 22. Ke2 Bc7 23. Nc3 Re8+ 24. Kd1 Bxh2 25. Nxd5 Rd8 26. Be4 Be6
27. b5 Bxd5 28. Bxd5 Rxd5+ 29. Ke2 Rxb5 30. Bc1 Ra5 31. a3 Bd6 32. Ke3 Rxa3+
33. Bxa3 Bxa3 34. f4 Bc5+ 35. Ke2 a5 36. Kd2 Bxf2 37. Kc2 h5 38. Kd2 a4 39. Ke2
a3 40. Kxf2 a2 41. Kg3 a1=Q 42. Kh4 Qe1+ 43. Kh3 h4 44. Kg4 Qg3# 0-1

[Event "C.to Provinciale BI-VC"]
[Site "Biella ITA"]
[Date "2015.03.07"]
[Round "2"]
[White "Ricciardi, Arcangelo"]
[Black "Migliorini, Matteo"]
[WhiteElo "1745"]
[BlackElo "2108"]
[Result "0-1"]
[PlyCount "60"]
[EventDate "2015.03.06"]

1. e4 c5 2. Nf3 d6 3. d4 cxd4 4. Nxd4 Nf6 5. Nc3 g6 6. Bg5 Bg7 7. Qd2 O-O 8.
Be2 Nc6 9. Nb3 Be6 10. Bh6 Bxh6 11. Qxh6 Qb6 12. h4 Nb4 13. Qd2 Rac8 14. h5
Rxc3 15. bxc3 Nxe4 16. Qf4 Nxc2+ 17. Kf1 Nxa1 18. Qxe4 Nxb3 19. axb3 Qa5 20. g4
Bd5 21. Qb1 Bxh1 22. f3 Qxc3 23. Kf2 Qd4+ 24. Kf1 Rc8 25. hxg6 hxg6 26. Bd3 Qe3
27. Bc2 Qxf3+ 28. Ke1 Qe3+ 29. Kf1 Bf3 30. Qe1 Bg2+ 0-1

[Event "C.to Provinciale BI-VC"]
[Site "Biella ITA"]
[Date "2015.03.07"]
[Round "2"]
[White "Rocchi, Enrico"]
[Black "Lavino, Stefano"]
[WhiteElo "1881"]
[BlackElo "1633"]
[Result "1-0"]
[PlyCount "43"]
[EventDate "2015.03.06"]

1. e4 d5 2. exd5 Qxd5 3. Nf3 Bg4 4. Be2 Nc6 5. d4 Nf6 6. O-O e6 7. c4 Qd8 8.
Qb3 Bxf3 9. Bxf3 Nxd4 10. Qxb7 Nxf3+ 11. Qxf3 Rb8 12. Nc3 Bd6 13. Rd1 Qe7 14.
Nb5 O-O 15. Nxa7 Ra8 16. Nc6 Qe8 17. b4 Nd7 18. Bb2 Be5 19. Nxe5 Nxe5 20. Bxe5
Qa4 21. Qg3 g6 22. Bf6 1-0

[Event "C.to Provinciale BI-VC"]
[Site "Biella ITA"]
[Date "2015.03.07"]
[Round "2"]
[White "Rossi, Emanuele"]
[Black "Siclari, Giovanni"]
[WhiteElo "1634"]
[BlackElo "2075"]
[Result "0-1"]
[PlyCount "52"]
[EventDate "2015.03.06"]

1. e4 c5 2. d4 cxd4 3. c3 Nf6 4. e5 Nd5 5. cxd4 e6 6. Nf3 d6 7. Bb5+ Bd7 8.
Bxd7+ Nxd7 9. O-O dxe5 10. dxe5 Be7 11. Nc3 Nxc3 12. bxc3 O-O 13. Bf4 Nc5 14.
Nd4 Qa5 15. Qg4 Rfd8 16. Bh6 Bf8 17. Nc2 Nd3 18. Bf4 Nxe5 19. Bxe5 Qxe5 20. Nd4
Rac8 21. Rfe1 Qf6 22. Rac1 Ba3 23. Rb1 Rxc3 24. Nb5 Rcd3 25. Rb3 Bc5 26. Rf1
Qxf2+ 0-1

[Event "C.to Provinciale BI-VC"]
[Site "Biella ITA"]
[Date "2015.03.07"]
[Round "2"]
[White "Sidoti, Gaetano"]
[Black "Cognata, Domenico"]
[WhiteElo "1335"]
[BlackElo "1470"]
[Result "1/2-1/2"]
[PlyCount "64"]
[EventDate "2015.03.06"]

1. e4 e5 2. f4 exf4 3. Nf3 a6 4. d4 d6 5. Bxf4 Nf6 6. Bd3 Bg4 7. O-O Be7 8. Nc3
O-O 9. e5 Bxf3 10. Rxf3 dxe5 11. dxe5 Ng4 12. Bxh7+ Kxh7 13. Rd3 Qc8 14. Rh3+
Kg8 15. Nd5 Nc6 16. Nxe7+ Nxe7 17. Rg3 Nxh2 18. Kxh2 Ng6 19. Qg4 Qxg4 20. Rxg4
c6 21. Re1 Rfe8 22. e6 Nxf4 23. exf7+ Kxf7 24. Rxf4+ Kg8 25. Rfe4 Rxe4 26. Rxe4
c5 27. Rc4 b6 28. b4 cxb4 29. Rxb4 b5 30. a4 bxa4 31. Rxa4 Rc8 32. c4 Rc6
1/2-1/2

[Event "C.to Provinciale BI-VC"]
[Site "Biella ITA"]
[Date "2015.03.07"]
[Round "2"]
[White "Sunder, Giulio"]
[Black "Roma, Riccardo"]
[WhiteElo "1473"]
[BlackElo "1338"]
[Result "1-0"]
[PlyCount "57"]
[EventDate "2015.03.06"]

1. d4 d5 2. c4 c6 3. Nc3 Nf6 4. Nf3 Nbd7 5. e3 e6 6. Bd3 Bd6 7. O-O O-O 8. Qc2
dxc4 9. Bxc4 e5 10. Rd1 exd4 11. Rxd4 Be7 12. e4 Qc7 13. Bg5 Ne5 14. Be2 Nxf3+
15. Bxf3 Qe5 16. Bxf6 Bxf6 17. Rad1 Qxd4 18. Rxd4 Bxd4 19. Qd2 Bf6 20. Qf4 Bxc3
21. bxc3 Be6 22. a3 b6 23. Qd6 c5 24. Qc7 Rfd8 25. Kf1 Rd7 26. Qc6 Rad8 27. Qa4
Rc7 28. Ke2 Rd6 29. Qe8# 1-0

[Event "C.to Provinciale BI-VC"]
[Site "Biella ITA"]
[Date "2015.03.07"]
[Round "2"]
[White "Sunder, Matteo"]
[Black "Loggia, Davide"]
[WhiteElo "1455"]
[BlackElo "1446"]
[Result "1-0"]
[PlyCount "45"]
[EventDate "2015.03.06"]

1. d4 Nf6 2. c4 e6 3. Nf3 d5 4. e3 g6 5. Nc3 Bg7 6. Be2 dxc4 7. Bxc4 O-O 8. O-O
c6 9. a4 Qc7 10. b3 Rd8 11. Qc2 b6 12. Bb2 Bb7 13. Nd2 Ng4 14. g3 c5 15. dxc5
Qxc5 16. Nce4 Qh5 17. h4 Bxb2 18. Qxb2 Qf5 19. Nc3 Rxd2 20. Qxd2 Qf3 21. e4 Nf6
22. Be2 Nxe4 23. Qd8+ 1-0

[Event "C.to Provinciale BI-VC"]
[Site "Biella ITA"]
[Date "2015.03.07"]
[Round "2"]
[White "Tibaldeschi, Attilio"]
[Black "Pedoni, Lorenzo"]
[WhiteElo "1633"]
[BlackElo "1839"]
[Result "0-1"]
[PlyCount "100"]
[EventDate "2015.03.06"]

1. Nf3 Nf6 2. b3 d5 3. Bb2 c5 4. e3 Nc6 5. Be2 e6 6. O-O Be7 7. d4 O-O 8. Nbd2
b6 9. c4 Bb7 10. a3 dxc4 11. Nxc4 cxd4 12. exd4 Nd5 13. Rc1 Nf4 14. Nce5 Nxe5
15. dxe5 Qxd1 16. Bxd1 Ba6 17. Rc7 Bxf1 18. Kxf1 Rfd8 19. Bc2 Rac8 20. Rxc8
Rxc8 21. Be4 Rd8 22. Bd4 Bxa3 23. g3 Ng6 24. Be3 h6 25. h4 Ne7 26. Ke2 Nd5 27.
Bd4 Bc5 28. Kd3 Bxd4 29. Nxd4 Rc8 30. Bxd5 exd5 31. Nf5 Kf8 32. f4 Rc1 33. g4
Rg1 34. g5 hxg5 35. hxg5 g6 36. Ne3 Rb1 37. Nxd5 Rxb3+ 38. Kc4 Rb1 39. Nf6 b5+
40. Kd5 a5 41. e6 fxe6+ 42. Kxe6 Re1+ 43. Kd6 Kf7 44. Ng4 a4 45. Ne5+ Rxe5 46.
fxe5 Ke8 47. Ke6 a3 48. Kf6 a2 49. Kxg6 a1=Q 50. Kf6 Qf1+ 0-1

[Event "C.to Provinciale BI-VC"]
[Site "Biella ITA"]
[Date "2015.03.07"]
[Round "2"]
[White "Ubezio, Marco"]
[Black "Moratto, Davide"]
[WhiteElo "2085"]
[BlackElo "1728"]
[Result "1-0"]
[PlyCount "95"]
[EventDate "2015.03.06"]

1. d4 b6 2. e4 Bb7 3. Bd3 Nf6 4. Qe2 Nc6 5. c3 e5 6. d5 Ne7 7. Nf3 Ng6 8. g3
Bd6 9. Nbd2 a5 10. Nc4 Qe7 11. h4 h5 12. Bg5 Bc5 13. Rb1 d6 14. Ne3 Bxe3 15.
Bb5+ Kf8 16. Qxe3 Kg8 17. Nh2 Nf8 18. Be2 N8h7 19. Nf1 Nxg5 20. hxg5 Nxd5 21.
exd5 Bxd5 22. Bf3 e4 23. Nd2 Re8 24. Be2 Bxa2 25. Ra1 Bd5 26. Rxh5 Rxh5 27.
Bxh5 Qd7 28. g6 f6 29. c4 Bc6 30. Ra3 Re5 31. Qe2 Kf8 32. Re3 Qe6 33. f4 exf3
34. Rxe5 dxe5 35. Bxf3 Be8 36. Bd5 Qd6 37. Qh5 Ke7 38. Qh8 Kd8 39. Bf7 Qe7 40.
Bxe8 Qxe8 41. Qxg7 Qe6 42. Qf8+ Kd7 43. g7 Qh3 44. Qf7+ Kd6 45. Qxf6+ Kd7 46.
g8=Q Qh1+ 47. Qf1 Qh5 48. Qd3+ 1-0

[Event "C.to Provinciale BI-VC"]
[Site "Biella ITA"]
[Date "2015.03.07"]
[Round "3"]
[White "Bozio, Stefano"]
[Black "Ricciardi, Arcangelo"]
[WhiteElo "1573"]
[BlackElo "1745"]
[Result "0-1"]
[PlyCount "82"]
[EventDate "2015.03.06"]

1. e4 e5 2. Nf3 Nc6 3. Bc4 Bc5 4. Nc3 Nf6 5. d3 d6 6. Be3 Bxe3 7. fxe3 Bg4 8.
Qe2 Na5 9. Bb3 Nxb3 10. axb3 c6 11. h3 Bd7 12. Qf2 O-O 13. O-O Qe7 14. Ne2 Nh5
15. c4 f5 16. exf5 e4 17. dxe4 Qxe4 18. Nfd4 c5 19. Nc3 Qe5 20. Nf3 Qxf5 21. g4
Qg6 22. Nd5 Rf7 23. Nh4 Rxf2 24. Ne7+ Kf7 25. Rxf2+ Qf6 26. Rxf6+ Nxf6 27. Nef5
Bxf5 28. Nxf5 Ne4 29. Rd1 Rd8 30. Kg2 g6 31. Ng3 Nxg3 32. Kxg3 g5 33. Rd5 h6
34. e4 Ke6 35. h4 Rg8 36. h5 Rf8 37. Rf5 Rf7 38. Kf3 b5 39. Ke3 Rb7 40. Kd3
bxc4+ 41. Kxc4 Rb4+ 0-1

[Event "C.to Provinciale BI-VC"]
[Site "Biella ITA"]
[Date "2015.03.07"]
[Round "3"]
[White "Cognata, Domenico"]
[Black "Borghi, Dario"]
[WhiteElo "1470"]
[BlackElo "1819"]
[Result "0-1"]
[PlyCount "72"]
[EventDate "2015.03.06"]

1. e4 e5 2. Nf3 Nc6 3. Bc4 Bc5 4. d3 Nf6 5. h3 d6 6. Nc3 Be6 7. Bb5 Qd7 8. a3
a6 9. Bxc6 Qxc6 10. Qe2 Qb6 11. O-O c6 12. Na4 Qa5 13. b3 Ba7 14. Bd2 Qc7 15.
c4 O-O 16. Be3 Bxe3 17. Qxe3 Nh5 18. Nc3 Qd7 19. Ng5 f5 20. Nxe6 Qxe6 21. Rad1
fxe4 22. Nxe4 Nf4 23. d4 Qg6 24. Ng3 Rae8 25. d5 c5 26. Qe4 Qg5 27. Rde1 Rf6
28. Re3 Rh6 29. Nf5 Nxh3+ 30. Rxh3 Rxh3 31. Nxd6 Rf8 32. Nxb7 Rf4 33. Nxc5 Rxe4
34. Nxe4 Qg6 35. Rd1 Rh1+ 36. Kxh1 Qh5+ 0-1

[Event "C.to Provinciale BI-VC"]
[Site "Biella ITA"]
[Date "2015.03.07"]
[Round "3"]
[White "Isoardi, Luigi"]
[Black "Sunder, Matteo"]
[WhiteElo "1771"]
[BlackElo "1455"]
[Result "1-0"]
[PlyCount "118"]
[EventDate "2015.03.06"]

1. d4 Nf6 2. c4 e6 3. Nf3 b6 4. e3 Bb7 5. Bd3 d5 6. O-O dxc4 7. Bxc4 Nbd7 8.
Nbd2 Be7 9. a3 O-O 10. b4 a5 11. b5 Bd6 12. Bb2 Qe7 13. Qc2 e5 14. dxe5 Bxe5
15. Nxe5 Nxe5 16. a4 Ned7 17. Bd3 h6 18. Qxc7 Rab8 19. Bxf6 gxf6 20. Bf5 Rfd8
21. Qg3+ Kh8 22. Qh3 Kg7 23. Nc4 Nc5 24. Nxb6 Qc7 25. Qg3+ Qxg3 26. fxg3 Bxg2
27. Kxg2 Rxb6 28. Ra3 Re8 29. Rc1 Re5 30. g4 Rd6 31. Rc2 h5 32. h3 hxg4 33.
hxg4 Red5 34. Raa2 Re5 35. Kf3 Ne6 36. Bxe6 Rdxe6 37. Rc3 f5 38. Rg2 Kf6 39.
Rb3 fxg4+ 40. Rxg4 Rf5+ 41. Rf4 Rxf4+ 42. Kxf4 Rb6 43. Rc3 Ke7 44. Rc7+ Kf8 45.
Ra7 Rf6+ 46. Ke5 Re6+ 47. Kd4 Rd6+ 48. Kc5 Re6 49. b6 Re5+ 50. Kc6 Re6+ 51. Kb5
Re5+ 52. Ka6 Re6 53. Kxa5 Re5+ 54. Ka6 Re6 55. a5 f5 56. Kb5 Re5+ 57. Kc4 Rxe3
58. b7 Re4+ 59. Kd3 Ra4 1-0